[Event "NB I. Charousek csoport"]
[Site "Balatonfured"]
[Date "2024.05.12"]
[Round "11.3"]
[White "Fodor, Istvan"]
[Black "Zentai, Peter"]
[Result "1/2-1/2"]
[WhiteElo "2324"]
[BlackElo "2251"]
[PlyCount "134"]
[EventDate "2023.10.08"]
[EventType "team-tourn"]
[EventRounds "11"]
[EventCountry "HUN"]
[Source "chess.hu"]
[WhiteTeam "Biatorbagy II"]
[BlackTeam "Balatonfuredi SC"]
[WhiteTeamCountry "HUN"]
[BlackTeamCountry "HUN"]

1. e4 e6 2. d4 d5 3. Nc3 dxe4 4. Nxe4 Bd7 5. Nf3 Bc6 6. Bd3 Nd7 7. O-O Ngf6 8.
Ng3 Be7 9. Qe2 O-O 10. Rd1 Bxf3 11. Qxf3 c6 12. c3 Qc7 13. Ne4 Nxe4 14. Qxe4 g6
15. Bh6 Rfe8 16. Bf1 Bf6 17. Qf3 Bg7 18. Bg5 Qa5 19. Bh4 Qf5 20. Qxf5 gxf5 21.
Bg5 Bf6 22. Bh6 Bg7 23. Bg5 Bf6 24. Bf4 Nb6 25. Bh6 Rad8 26. Rd3 Nd5 27. Rad1
Kh8 28. Rg3 Rg8 29. Rxg8+ Rxg8 30. Bd2 Bg5 31. Be1 Rd8 32. Be2 Kg7 33. g3 Rd7
34. Kg2 Nf6 35. Kf3 Nd5 36. h3 Rd8 37. g4 fxg4+ 38. hxg4 Rh8 39. c4 Ne7 40. Bc3
Bf6 41. Ke4 Kg6 42. f4 h6 43. Bd3 Rd8 44. Bc2 Kg7 45. Rd3 Kg8 46. Rh3 Bg7 47.
f5 exf5+ 48. gxf5 Kf8 49. Rd3 Nc8 50. Kf4 Nb6 51. b3 Bf6 52. a4 Nc8 53. Bb4+
Be7 54. Bc3 Bf6 55. Bb4+ Be7 56. Be1 Bg5+ 57. Kf3 Nd6 58. Rd1 Bf6 59. Bf2 b6
60. a5 Nb7 61. axb6 axb6 62. Be4 Na5 63. Rd3 Ke7 64. d5 c5 65. Bg3 Kd7 66. d6
Nc6 67. Bd5 Nb4 1/2-1/2

[Event "NB I. Charousek csoport"]
[Site "Balatonfured"]
[Date "2024.05.12"]
[Round "11.4"]
[White "Bodnar, Zoltan"]
[Black "Mincsovics, Miklos"]
[Result "1/2-1/2"]
[WhiteElo "2111"]
[BlackElo "2220"]
[PlyCount "164"]
[EventDate "2023.10.08"]
[EventType "team-tourn"]
[EventRounds "11"]
[EventCountry "HUN"]
[Source "chess.hu"]
[WhiteTeam "Balatonfuredi SC"]
[BlackTeam "Biatorbagy II"]
[WhiteTeamCountry "HUN"]
[BlackTeamCountry "HUN"]

1. d4 Nc6 2. e4 d6 3. Nf3 Nf6 4. Nc3 Bg4 5. Be2 e6 6. Bg5 Be7 7. Qd2 d5 8. Bxf6
Bxf6 9. e5 Be7 10. a3 O-O 11. h3 Bxf3 12. gxf3 Bh4 13. Bd3 f6 14. f4 Nxd4 15.
Bxh7+ Kxh7 16. Qxd4 fxe5 17. Qxe5 Qf6 18. Qh5+ Kg8 19. O-O-O Qxf4+ 20. Kb1 Bf6
21. Rd3 Qh4 22. Qe2 Rae8 23. Nd1 c6 24. Rg1 e5 25. Rg4 Qh7 26. Rdg3 e4 27. h4
Re5 28. Ne3 Rh5 29. Ng2 Rf7 30. f3 exf3 31. Qe8+ Rf8 32. Qe6+ Kh8 33. Rxf3 Qg8
34. Nf4 Qxe6 35. Nxe6 Re8 36. Nf4 Rh6 37. h5 Kg8 38. Nd3 Kf7 39. Nf4 Re4 40.
Rg6 Rxg6 41. hxg6+ Ke7 42. Nh5 Rg4 43. Nxg7 Rxg6 44. Re3+ Kd7 45. Nf5 Rg2 46.
Rh3 Ke6 47. Ne3 Rg1+ 48. Ka2 b5 49. c3 a5 50. Rh6 a4 51. Rh5 Rg3 52. Nc2 c5 53.
Kb1 Rg1+ 54. Ka2 Rg3 55. Kb1 Rg5 56. Rh6 Rg1+ 57. Ka2 Rg3 58. Rh5 Rd3 59. Kb1
Rd1+ 60. Ka2 Rd2 61. Kb1 Rf2 62. Rh6 Re2 63. Rh5 Rg2 64. Rh6 Rd2 65. Rh5 Rd1+
66. Ka2 Rc1 67. Rh2 Be5 68. Re2 Kd6 69. Ne1 Bf6 70. Nd3 Rf1 71. Nf2 Bg7 72. Nd3
d4 73. Rg2 dxc3 74. Rxg7 c2 75. Rg2 c4 76. Rxc2 cxd3 77. Rd2 Rf3 78. b3 Kd5 79.
bxa4 bxa4 80. Kb2 Kd4 81. Rh2 Ke3 82. Kc3 Rg3 1/2-1/2

[Event "NB I. Charousek csoport"]
[Site "Balatonfured"]
[Date "2024.05.12"]
[Round "11.5"]
[White "Szabo, Balazs"]
[Black "Forgacs, Attila"]
[Result "1/2-1/2"]
[WhiteElo "2234"]
[BlackElo "2071"]
[PlyCount "48"]
[EventDate "2023.10.08"]
[EventType "team-tourn"]
[EventRounds "11"]
[EventCountry "HUN"]
[Source "chess.hu"]
[WhiteTeam "Biatorbagy II"]
[BlackTeam "Balatonfuredi SC"]
[WhiteTeamCountry "HUN"]
[BlackTeamCountry "HUN"]

1. e4 c5 2. Na3 Nc6 3. c3 Nf6 4. d3 e5 5. f4 d6 6. Nf3 Be7 7. Be2 O-O 8. O-O a6
9. fxe5 dxe5 10. Nc4 Qc7 11. Bg5 Be6 12. Ne3 Rad8 13. Qe1 h6 14. Qh4 Rfe8 15.
Rf2 Nh7 16. Bxe7 Nxe7 17. Qg3 Ng6 18. d4 cxd4 19. cxd4 Qb6 20. Nc4 Bxc4 21.
Bxc4 Rd7 22. dxe5 Nhf8 23. Raf1 Ne6 24. Kh1 Qe3 1/2-1/2

[Event "NB I. Charousek csoport"]
[Site "Balatonfured"]
[Date "2024.05.12"]
[Round "11.6"]
[White "Salavecz, Gergely"]
[Black "Szakmary, Domonkos"]
[Result "1-0"]
[WhiteElo "2032"]
[BlackElo "2083"]
[PlyCount "125"]
[EventDate "2023.10.08"]
[EventType "team-tourn"]
[EventRounds "11"]
[EventCountry "HUN"]
[Source "chess.hu"]
[WhiteTeam "Balatonfuredi SC"]
[BlackTeam "Biatorbagy II"]
[WhiteTeamCountry "HUN"]
[BlackTeamCountry "HUN"]

1. e4 c5 2. Nf3 Nc6 3. d4 cxd4 4. Nxd4 e6 5. Nc3 Qc7 6. Be2 a6 7. O-O Nf6 8.
Be3 Bb4 9. f4 Bxc3 10. bxc3 Nxe4 11. Qd3 d5 12. c4 Nf6 13. Nxc6 bxc6 14. Qa3
Ne4 15. cxd5 cxd5 16. c4 Bb7 17. Rab1 dxc4 18. Bxc4 Nd6 19. Be2 O-O 20. Rfc1
Qd7 21. Bc5 Ne4 22. Rd1 Bd5 23. Bxf8 Rxf8 24. Qe3 Qa4 25. a3 Qa5 26. Rdc1 h6
27. Rb4 Nf6 28. Rc5 Qd8 29. Bxa6 Qa8 30. Bf1 Ng4 31. Qc3 Qa7 32. h3 Nf6 33. Qe3
Ra8 34. Rc8+ Kh7 35. Qxa7 Rxa7 36. Bd3+ g6 37. a4 Ba2 38. Rc2 Nd5 39. Rbb2 Nxf4
40. Bxg6+ Kxg6 41. Rxa2 Nd5 42. Ra3 Ra6 43. Kf2 f5 44. Rc5 Kf6 45. a5 Ke5 46.
Ra4 Kd6 47. Rcc4 e5 48. Rh4 Kc5 49. Rh5 Nc3 50. Ra1 Ne4+ 51. Kf3 Ng5+ 52. Kg3
Kd4 53. h4 Ne4+ 54. Kh2 Nc3 55. Rxf5 e4 56. Kg1 e3 57. Kf1 Kd3 58. Ke1 Kc2 59.
Re5 Kd3 60. Ra3 Kd4 61. Re8 Rg6 62. Rd8+ Ke4 63. Rxc3 1-0

[Event "NB I. Charousek csoport"]
[Site "Balatonfured"]
[Date "2024.05.12"]
[Round "11.7"]
[White "Felmery, Mate"]
[Black "Vargyas, Zoltan"]
[Result "1-0"]
[WhiteElo "2171"]
[BlackElo "1940"]
[PlyCount "49"]
[EventDate "2023.10.08"]
[EventType "team-tourn"]
[EventRounds "11"]
[EventCountry "HUN"]
[Source "chess.hu"]
[WhiteTeam "Biatorbagy II"]
[BlackTeam "Balatonfuredi SC"]
[WhiteTeamCountry "HUN"]
[BlackTeamCountry "HUN"]

1. e4 e6 2. Qe2 c5 3. Nf3 Nc6 4. g3 g6 5. Bg2 Bg7 6. O-O Nge7 7. c3 O-O 8. Rd1
e5 9. d3 d5 10. exd5 Nxd5 11. Na3 Re8 12. Ng5 Rb8 13. Ne4 b6 14. Nc4 Ba6 15.
Ned6 Nde7 16. Nxe8 Qxe8 17. f4 f6 18. fxe5 fxe5 19. Bg5 b5 20. Nd6 Qd7 21. Ne4
Qc7 22. Nxc5 Qb6 23. Be3 Nf5 24. Bf2 Qa5 25. Bxc6 1-0

[Event "NB I. Charousek csoport"]
[Site "Balatonfured"]
[Date "2024.05.12"]
[Round "11.8"]
[White "Bartha, Sandor"]
[Black "Erdos, Boglarka"]
[Result "0-1"]
[WhiteElo "2013"]
[BlackElo "2108"]
[PlyCount "92"]
[EventDate "2023.10.08"]
[EventType "team-tourn"]
[EventRounds "11"]
[EventCountry "HUN"]
[Source "chess.hu"]
[WhiteTeam "Balatonfuredi SC"]
[BlackTeam "Biatorbagy II"]
[WhiteTeamCountry "HUN"]
[BlackTeamCountry "HUN"]

1. d4 Nf6 2. Nf3 g6 3. g3 Bg7 4. Bg2 d5 5. O-O O-O 6. b3 c5 7. Bb2 cxd4 8. Bxd4
Nc6 9. Bb2 Bf5 10. Nh4 Be6 11. Nd2 Qb6 12. Rc1 Rfd8 13. Qe1 d4 14. c4 dxc3 15.
Bxc3 Qa6 16. Ra1 Nd4 17. Bxd4 Rxd4 18. Nhf3 Rdd8 19. a4 Nd5 20. Rc1 Nc3 21. Kh1
Nxe2 22. Rc5 Bc3 23. Rb5 Bxd2 24. Qxe2 Bh6 25. Ng1 Rab8 26. Qe4 b6 27. h3 Qc8
28. g4 a6 29. Rb4 Bd2 30. Rd4 Rxd4 31. Qxd4 Qc3 32. Qxc3 Bxc3 33. Rb1 Bd4 34.
f4 Be3 35. Ne2 Rd8 36. b4 Rd2 37. Bf3 Bc4 38. Nc3 Bxf4 39. Ne4 Rd4 40. a5 bxa5
41. bxa5 Bd5 42. Re1 f5 43. gxf5 gxf5 44. Rg1+ Kf7 45. Ng5+ Bxg5 46. Bxd5+ Rxd5
0-1

[Event "NB I. Charousek csoport"]
[Site "Balatonfured"]
[Date "2024.05.12"]
[Round "11.9"]
[White "Jamrich, Gyorgy"]
[Black "Kun, Balint"]
[Result "1-0"]
[WhiteElo "2165"]
[BlackElo "1980"]
[PlyCount "79"]
[EventDate "2023.10.08"]
[EventType "team-tourn"]
[EventRounds "11"]
[EventCountry "HUN"]
[Source "chess.hu"]
[WhiteTeam "Biatorbagy II"]
[BlackTeam "Balatonfuredi SC"]
[WhiteTeamCountry "HUN"]
[BlackTeamCountry "HUN"]

1. d4 d5 2. Nd2 Nf6 3. Ngf3 e6 4. e3 c6 5. Bd3 Bd6 6. e4 dxe4 7. Nxe4 Nxe4 8.
Bxe4 Nd7 9. c3 Nf6 10. Bc2 h6 11. O-O Qc7 12. Re1 b6 13. a4 Bb7 14. b4 Rd8 15.
a5 O-O 16. a6 Ba8 17. Qe2 c5 18. bxc5 bxc5 19. Ne5 cxd4 20. cxd4 Rc8 21. Bd3
Bb4 22. Bd2 Bxd2 23. Qxd2 Qc3 24. Qxc3 Rxc3 25. Rec1 Rfc8 26. Rxc3 Rxc3 27. Rb1
Be4 28. Bxe4 Nxe4 29. f3 Nd6 30. Rb8+ Kh7 31. Rd8 Nb5 32. Nxf7 Ra3 33. Rh8+ Kg6
34. Ne5+ Kg5 35. Rd8 Rxa6 36. g3 Ra2 37. Rd7 g6 38. h4+ Kh5 39. Ng4 g5 40. Rg7
1-0

[Event "NB I. Charousek csoport"]
[Site "Balatonfured"]
[Date "2024.05.12"]
[Round "11.10"]
[White "Bencsura, Barnabas"]
[Black "Makay, Mark Janos"]
[Result "1/2-1/2"]
[WhiteElo "1980"]
[BlackElo "2031"]
[PlyCount "101"]
[EventDate "2023.10.08"]
[EventType "team-tourn"]
[EventRounds "11"]
[EventCountry "HUN"]
[Source "chess.hu"]
[WhiteTeam "Balatonfuredi SC"]
[BlackTeam "Biatorbagy II"]
[WhiteTeamCountry "HUN"]
[BlackTeamCountry "HUN"]

1. c4 Nf6 2. Nf3 g6 3. Nc3 d5 4. e3 Bg7 5. d4 O-O 6. h3 c5 7. cxd5 Nxd5 8. Qb3
Nxc3 9. bxc3 Nc6 10. Bd2 Qc7 11. Rc1 Rd8 12. Ng5 e6 13. Be2 Na5 14. Qb1 b6 15.
Bf3 Bb7 16. Bxb7 Nxb7 17. O-O e5 18. Qe4 Qe7 19. Nf3 Nd6 20. Qb1 Rac8 21. Rce1
Qb7 22. dxe5 Nc4 23. Bc1 Bxe5 24. Nxe5 Nxe5 25. Rd1 c4 26. Rxd8+ Rxd8 27. e4
Nd3 28. Bg5 Re8 29. f3 Qc6 30. Be3 f5 31. Bd4 fxe4 32. fxe4 Rxe4 33. Qd1 Qe8
34. Qf3 Nf4 35. Kh1 Ne2 36. Qf6 Rxd4 37. cxd4 Ng3+ 38. Kh2 Nxf1+ 39. Qxf1 Qe6
40. Qf4 Qf7 41. Qb8+ Kg7 42. Qe5+ Kh6 43. d5 c3 44. Qe3+ g5 45. Qxc3 Qf4+ 46.
Kg1 Kg6 47. Qc6+ Qf6 48. Qe8+ Kf5 49. Qd7+ Ke5 50. Qxh7 Kxd5 51. Qd7+ 1/2-1/2

[Event "NB I. Charousek csoport"]
[Site "Balatonfured"]
[Date "2024.05.12"]
[Round "11.11"]
[White "Csoli, Odon"]
[Black "Palla, Gyorgy"]
[Result "0-1"]
[WhiteElo "2053"]
[BlackElo "1981"]
[PlyCount "98"]
[EventDate "2023.10.08"]
[EventType "team-tourn"]
[EventRounds "11"]
[EventCountry "HUN"]
[Source "chess.hu"]
[WhiteTeam "Biatorbagy II"]
[BlackTeam "Balatonfuredi SC"]
[WhiteTeamCountry "HUN"]
[BlackTeamCountry "HUN"]

1. d4 d5 2. c4 c6 3. Nf3 Nf6 4. e3 e6 5. Nbd2 Nbd7 6. Bd3 Bd6 7. O-O O-O 8. e4
e5 9. cxd5 cxd5 10. exd5 e4 11. Nxe4 Nxe4 12. Bxe4 Nf6 13. Bg5 h6 14. Bxf6 Qxf6
15. Ne5 Bxe5 16. dxe5 Qxe5 17. Qc2 f5 18. Bf3 Bd7 19. Rfe1 Qd6 20. Rac1 Rac8
21. Qb3 b6 22. h4 g5 23. Rxc8 Rxc8 24. hxg5 hxg5 25. Qe3 g4 26. Qg5+ Kf7 27.
Qh5+ Kg7 28. Bd1 Qf6 29. Qh2 f4 30. Qh5 g3 31. Qf3 Rh8 32. Qc3 Qxc3 33. bxc3
Kf6 34. fxg3 fxg3 35. Re3 Rg8 36. Kf1 Rg5 37. Bf3 Bb5+ 38. Ke1 Re5 39. Kd2 Bc4
40. Rxe5 Kxe5 41. a3 b5 42. Ke3 a5 43. d6 Be6 44. Bc6 Kxd6 45. Bxb5 Bd5 46. Bf1
Ke5 47. c4 Be4 48. c5 Bc6 49. Kd3 Bb5+ 0-1

[Event "NB I. Charousek csoport"]
[Site "Ajka"]
[Date "2024.05.12"]
[Round "11.1"]
[White "Horvath, Adam"]
[Black "Czebe, Attila"]
[Result "1-0"]
[WhiteElo "2448"]
[BlackElo "2327"]
[PlyCount "113"]
[EventDate "2023.10.08"]
[EventType "team-tourn"]
[EventRounds "11"]
[EventCountry "HUN"]
[Source "chess.hu"]
[WhiteTeam "Z.Csuti-Hydrocomp SK"]
[BlackTeam "Sentimento Ajka BSK"]
[WhiteTeamCountry "HUN"]
[BlackTeamCountry "HUN"]

1. e4 d6 2. d4 Nf6 3. Nc3 e5 4. dxe5 dxe5 5. Qxd8+ Kxd8 6. Bc4 Ke8 7. f4 Bb4 8.
Bd3 exf4 9. Bxf4 Be6 10. Bxc7 Bxc3+ 11. bxc3 Nc6 12. Nf3 Ke7 13. Nd4 Rac8 14.
Bg3 Nd7 15. Rb1 Nc5 16. O-O b6 17. Bh4+ f6 18. Nxc6+ Rxc6 19. e5 g5 20. Bb5
Rcc8 21. exf6+ Kf7 22. Be1 h5 23. a4 h4 24. a5 h3 25. gxh3 Bxh3 26. Rf3 bxa5
27. Bf2 Ne4 28. Bd3 Nxf2 29. Rb7+ Ke6 30. Rxf2 Rxc3 31. Rxa7 Rc5 32. Ra6+ Kf7
33. Re2 Rc7 34. Re5 Rh6 35. Rxg5 Rxf6 36. Rxf6+ Kxf6 37. Rxa5 Rg7+ 38. Kf2 Rg5
39. Rxg5 Kxg5 40. Kg3 Be6 41. h4+ Kf6 42. Be2 Bf7 43. Kf4 Bd5 44. Ke3 Bb7 45.
Kd4 Bc8 46. Bf3 Ba6 47. Ke3 Bc4 48. c3 Kg6 49. Be2 Bb3 50. Kd4 Kh6 51. Bf3 Kg6
52. Bd5 Ba4 53. c4 Kh5 54. Ke5 Kxh4 55. Kd6 Kg5 56. Be6 Kf4 57. c5 1-0

[Event "NB I. Charousek csoport"]
[Site "Ajka"]
[Date "2024.05.12"]
[Round "11.2"]
[White "Egresi, Mate"]
[Black "Meszaros, Tamas"]
[Result "1/2-1/2"]
[WhiteElo "2384"]
[BlackElo "2374"]
[PlyCount "30"]
[EventDate "2023.10.08"]
[EventType "team-tourn"]
[EventRounds "11"]
[EventCountry "HUN"]
[Source "chess.hu"]
[WhiteTeam "Sentimento Ajka BSK"]
[BlackTeam "Z.Csuti-Hydrocomp SK"]
[WhiteTeamCountry "HUN"]
[BlackTeamCountry "HUN"]

1. e4 e5 2. Nf3 Nc6 3. Bb5 Nf6 4. O-O Nxe4 5. Re1 Nd6 6. Nxe5 Be7 7. Bf1 Nf5 8.
Nf3 d5 9. d4 O-O 10. Bf4 Bd6 11. Bxd6 Qxd6 12. c3 Bd7 13. Nbd2 Rae8 14. Qc2 g6
15. a4 a5 1/2-1/2

[Event "NB I. Charousek csoport"]
[Site "Ajka"]
[Date "2024.05.12"]
[Round "11.3"]
[White "Nagy, Kristof"]
[Black "Jakab, Attila"]
[Result "0-1"]
[WhiteElo "2205"]
[BlackElo "2268"]
[PlyCount "74"]
[EventDate "2023.10.08"]
[EventType "team-tourn"]
[EventRounds "11"]
[EventCountry "HUN"]
[Source "chess.hu"]
[WhiteTeam "Z.Csuti-Hydrocomp SK"]
[BlackTeam "Sentimento Ajka BSK"]
[WhiteTeamCountry "HUN"]
[BlackTeamCountry "HUN"]

1. d4 Nf6 2. Nc3 d5 3. Bf4 Bf5 4. e3 e6 5. f3 Bd6 6. Bd3 Bxf4 7. exf4 Bxd3 8.
Qxd3 O-O 9. Nge2 c5 10. dxc5 Nbd7 11. Qd4 Rc8 12. O-O Rxc5 13. b4 Rc4 14. Qxa7
Rxb4 15. Rfb1 Rxb1+ 16. Rxb1 b6 17. Nb5 Qc8 18. Ned4 Nh5 19. g3 g5 20. fxg5 e5
21. Nb3 Qxc2 22. Rc1 Qf5 23. Nd6 Qh3 24. Rc2 e4 25. f4 Nxf4 26. gxf4 Qg4+ 27.
Rg2 Qd1+ 28. Kf2 Qf3+ 29. Kg1 e3 30. Qa6 Qxf4 31. Qe2 Qxd6 32. Qxe3 Rc8 33. Rf2
Ne5 34. Rf6 Qc7 35. Qxb6 Nf3+ 36. Kg2 Qxh2+ 37. Kxf3 Rc3+ 0-1

[Event "NB I. Charousek csoport"]
[Site "Ajka"]
[Date "2024.05.12"]
[Round "11.4"]
[White "Martini, Balazs"]
[Black "Pogany, Zsombor"]
[Result "1-0"]
[WhiteElo "2356"]
[BlackElo "2166"]
[PlyCount "63"]
[EventDate "2023.10.08"]
[EventType "team-tourn"]
[EventRounds "11"]
[EventCountry "HUN"]
[Source "chess.hu"]
[WhiteTeam "Sentimento Ajka BSK"]
[BlackTeam "Z.Csuti-Hydrocomp SK"]
[WhiteTeamCountry "HUN"]
[BlackTeamCountry "HUN"]

1. d4 Nf6 2. Bf4 d5 3. e3 c5 4. c3 Nc6 5. Nd2 cxd4 6. exd4 Bg4 7. Qb3 Qd7 8. h3
Bf5 9. Ngf3 a6 10. Be2 h6 11. O-O e6 12. Rad1 Be7 13. Ne5 Nxe5 14. dxe5 Ne4 15.
Nxe4 Bxe4 16. c4 Qc6 17. Qg3 g5 18. cxd5 Qc2 19. d6 Qxe2 20. dxe7 Bd5 21. Bd2
Kxe7 22. Bb4+ Kd7 23. Rxd5+ exd5 24. Re1 Qc4 25. e6+ fxe6 26. Qd6+ Kc8 27.
Qxe6+ Kb8 28. Ba5 b6 29. Qxb6+ Kc8 30. Re7 Qc1+ 31. Kh2 Qf4+ 32. g3 1-0

[Event "NB I. Charousek csoport"]
[Site "Ajka"]
[Date "2024.05.12"]
[Round "11.5"]
[White "Csiszar, Zoltan"]
[Black "Cseke, Richard"]
[Result "0-1"]
[WhiteElo "2244"]
[BlackElo "2300"]
[PlyCount "163"]
[EventDate "2023.10.08"]
[EventType "team-tourn"]
[EventRounds "11"]
[EventCountry "HUN"]
[Source "chess.hu"]
[WhiteTeam "Z.Csuti-Hydrocomp SK"]
[BlackTeam "Sentimento Ajka BSK"]
[WhiteTeamCountry "HUN"]
[BlackTeamCountry "HUN"]

1. d4 Nf6 2. Nf3 d5 3. e3 c6 4. Bd3 Bg4 5. c4 e6 6. Qb3 Qb6 7. Ne5 Bh5 8. c5
Qc7 9. Nc3 Nbd7 10. f4 b6 11. cxb6 axb6 12. Bd2 Nxe5 13. fxe5 Nd7 14. O-O Bg6
15. Bxg6 hxg6 16. Rac1 Rc8 17. Qd1 f5 18. Be1 Be7 19. Bg3 Qb7 20. Ne2 g5 21.
Be1 Qa6 22. Nc3 g4 23. a3 Rxh2 24. Kxh2 Qxf1 25. Qe2 Qxe2 26. Nxe2 c5 27. Kg1
g5 28. Bd2 Kf7 29. Kf2 Rh8 30. b3 Rc8 31. a4 Kg6 32. g3 Rb8 33. Ra1 Ra8 34. Bc3
Nb8 35. a5 bxa5 36. Rxa5 Rxa5 37. Bxa5 Nc6 38. Bc3 Kf7 39. Ke1 Ke8 40. Kd2 Kd7
41. Kc2 Kc7 42. Bd2 Kb6 43. Kd3 cxd4 44. exd4 Nb4+ 45. Kc3 Na6 46. Kd3 Nc7 47.
Kc2 Ne8 48. Kd3 Ng7 49. Ke3 Nh5 50. Kf2 Kb5 51. Nc3+ Kc6 52. Ne2 Ng7 53. Ke1
Ne8 54. Kd1 Nc7 55. Kc2 Nb5 56. Kd3 Kd7 57. Kc2 Ke8 58. Be3 Kf7 59. Bd2 Kg6 60.
Kd3 Na7 61. Be3 Bb4 62. Kc2 Be1 63. Kd3 Nc6 64. Bd2 Bf2 65. b4 Na7 66. Be3 Bxe3
67. Kxe3 Nb5 68. Kd3 Kf7 69. Ke3 Ke7 70. Nc1 Kd7 71. Nd3 Kc6 72. Nc5 Nc7 73.
Nd3 Kb5 74. Nc5 Kxb4 75. Nd7 Kc3 76. Nf8 f4+ 77. gxf4 gxf4+ 78. Kxf4 Kxd4 79.
Nd7 Na6 80. Nf6 g3 81. Nh5 g2 82. Ng3 0-1

[Event "NB I. Charousek csoport"]
[Site "Ajka"]
[Date "2024.05.12"]
[Round "11.6"]
[White "Kolimar, Kristof Pal"]
[Black "Schroter, Tamas"]
[Result "0-1"]
[WhiteElo "2347"]
[BlackElo "2206"]
[PlyCount "106"]
[EventDate "2023.10.08"]
[EventType "team-tourn"]
[EventRounds "11"]
[EventCountry "HUN"]
[Source "chess.hu"]
[WhiteTeam "Sentimento Ajka BSK"]
[BlackTeam "Z.Csuti-Hydrocomp SK"]
[WhiteTeamCountry "HUN"]
[BlackTeamCountry "HUN"]

1. d4 Nf6 2. c4 c5 3. d5 e6 4. Nc3 exd5 5. cxd5 d6 6. Nf3 g6 7. g3 Bg7 8. Bg2
O-O 9. O-O Na6 10. Bf4 Nc7 11. e4 Bg4 12. h3 Bxf3 13. Bxf3 Rb8 14. e5 dxe5 15.
Bxe5 Re8 16. Re1 Qd7 17. Kg2 b5 18. a4 b4 19. Nb5 Rxe5 20. Rxe5 Nfe8 21. Re2
Nxb5 22. axb5 Nd6 23. Qa4 Nxb5 24. Rae1 Bf6 25. Qa6 Rb6 26. Re8+ Kg7 27. Qc8
Qxc8 28. Rxc8 Bxb2 29. Rxc5 Bc3 30. Rd1 Be5 31. d6 Bxd6 32. Rxb5 Rxb5 33. Rxd6
b3 34. Be4 Rb4 35. Kf3 a5 36. Bb1 a4 37. Ke2 Rc4 38. Kd2 a3 39. Ra6 a2 40. Rxa2
bxa2 41. Bxa2 Ra4 42. Bb3 Ra3 43. Bd5 Kf6 44. h4 Ra5 45. Bc4 Re5 46. Be2 Kf5
47. Bc4 Kg4 48. Bxf7 Kf3 49. Bg8 Re7 50. Kd3 Kxf2 51. g4 Kf3 52. h5 Kxg4 53.
hxg6 hxg6 0-1

[Event "NB I. Charousek csoport"]
[Site "Ajka"]
[Date "2024.05.12"]
[Round "11.7"]
[White "Horvath, Sandor"]
[Black "Szelenyi, Norbert"]
[Result "1/2-1/2"]
[WhiteElo "2196"]
[BlackElo "2254"]
[PlyCount "27"]
[EventDate "2023.10.08"]
[EventType "team-tourn"]
[EventRounds "11"]
[EventCountry "HUN"]
[Source "chess.hu"]
[WhiteTeam "Z.Csuti-Hydrocomp SK"]
[BlackTeam "Sentimento Ajka BSK"]
[WhiteTeamCountry "HUN"]
[BlackTeamCountry "HUN"]

1. e4 c5 2. Nf3 a6 3. c4 e6 4. Nc3 d6 5. g3 Nc6 6. Bg2 Nf6 7. O-O Be7 8. d4
cxd4 9. Nxd4 Qc7 10. b3 O-O 11. Be3 Re8 12. Rc1 Ne5 13. h3 Bf8 14. Qd2 1/2-1/2

[Event "NB I. Charousek csoport"]
[Site "Ajka"]
[Date "2024.05.12"]
[Round "11.8"]
[White "Kozma, Karoly"]
[Black "Farkas, Zsolt"]
[Result "1/2-1/2"]
[WhiteElo "2182"]
[BlackElo "2118"]
[PlyCount "29"]
[EventDate "2023.10.08"]
[EventType "team-tourn"]
[EventRounds "11"]
[EventCountry "HUN"]
[Source "chess.hu"]
[WhiteTeam "Sentimento Ajka BSK"]
[BlackTeam "Z.Csuti-Hydrocomp SK"]
[WhiteTeamCountry "HUN"]
[BlackTeamCountry "HUN"]

1. Nf3 f5 2. g3 Nf6 3. Bg2 g6 4. O-O Bg7 5. c4 O-O 6. Nc3 Nc6 7. Rb1 e5 8. b4
e4 9. Ne1 d5 10. b5 Ne5 11. cxd5 Nxd5 12. Nxd5 Qxd5 13. Qc2 a6 14. d3 axb5 15.
Qxc7 1/2-1/2

[Event "NB I. Charousek csoport"]
[Site "Ajka"]
[Date "2024.05.12"]
[Round "11.9"]
[White "Forgo, Eva"]
[Black "Gyorkos, Lajos"]
[Result "1/2-1/2"]
[WhiteElo "2058"]
[BlackElo "2185"]
[PlyCount "24"]
[EventDate "2023.10.08"]
[EventType "team-tourn"]
[EventRounds "11"]
[EventCountry "HUN"]
[Source "chess.hu"]
[WhiteTeam "Z.Csuti-Hydrocomp SK"]
[BlackTeam "Sentimento Ajka BSK"]
[WhiteTeamCountry "HUN"]
[BlackTeamCountry "HUN"]

1. e4 e5 2. Nf3 Nc6 3. Bc4 Bc5 4. d3 Nf6 5. Nc3 O-O 6. O-O h6 7. Be3 Bb6 8. h3
d6 9. Bxb6 axb6 10. Bb3 Na5 11. Qe2 Re8 12. Nd2 Nxb3 1/2-1/2

[Event "NB I. Charousek csoport"]
[Site "Ajka"]
[Date "2024.05.12"]
[Round "11.10"]
[White "Szalay-Ocsak, Bank"]
[Black "Boronyak, Arpad"]
[Result "1-0"]
[WhiteElo "2278"]
[BlackElo "2066"]
[PlyCount "111"]
[EventDate "2023.10.08"]
[EventType "team-tourn"]
[EventRounds "11"]
[EventCountry "HUN"]
[Source "chess.hu"]
[WhiteTeam "Sentimento Ajka BSK"]
[BlackTeam "Z.Csuti-Hydrocomp SK"]
[WhiteTeamCountry "HUN"]
[BlackTeamCountry "HUN"]

1. Nf3 d5 2. b3 Nf6 3. Bb2 e6 4. e3 Be7 5. d4 O-O 6. Bd3 b6 7. O-O Bb7 8. Ne5
Nbd7 9. Nd2 c5 10. a4 Qc7 11. a5 Rac8 12. a6 Ba8 13. f4 Ne4 14. Rf3 f6 15. Nxd7
Qxd7 16. Rh3 g6 17. Qe2 Nxd2 18. Qxd2 c4 19. Bf1 Rc7 20. e4 dxe4 21. bxc4 Rd8
22. Kh1 Bc6 23. Qf2 Qe8 24. Rd1 Qf7 25. Be2 Rcd7 26. Qh4 Ba4 27. Rg1 Bc6 28. f5
exf5 29. d5 Ba8 30. Qe1 b5 31. cxb5 Bxd5 32. Qc3 Qf8 33. b6 axb6 34. Bb5 Ra7
35. Rd1 Be6 36. Qe1 Rxd1 37. Qxd1 Qd8 38. Qxd8+ Bxd8 39. Rc3 Kf7 40. Rc6 f4 41.
Bd4 e3 42. Kg1 Bd7 43. Bc4+ Ke8 44. Rd6 Rc7 45. Bd3 Rc6 46. Rxd7 Kxd7 47. a7
Rc8 48. Be4 f5 49. a8=Q Rxa8 50. Bxa8 Kd6 51. Kf1 b5 52. Ke2 Bc7 53. Kf3 Ke6
54. Bc5 g5 55. Bc6 g4+ 56. Ke2 1-0

[Event "NB I. Charousek csoport"]
[Site "Ajka"]
[Date "2024.05.12"]
[Round "11.11"]
[White "Majoros, Rozsa Evelin"]
[Black "Kosztolanczi, Gyula"]
[Result "0-1"]
[WhiteElo "1992"]
[BlackElo "2054"]
[PlyCount "142"]
[EventDate "2023.10.08"]
[EventType "team-tourn"]
[EventRounds "11"]
[EventCountry "HUN"]
[Source "chess.hu"]
[WhiteTeam "Z.Csuti-Hydrocomp SK"]
[BlackTeam "Sentimento Ajka BSK"]
[WhiteTeamCountry "HUN"]
[BlackTeamCountry "HUN"]

1. e4 c5 2. Nf3 Nc6 3. d4 cxd4 4. Nxd4 e5 5. Nb5 d6 6. c4 a6 7. N5c3 Be7 8. Nd5
Nf6 9. Nbc3 Nxd5 10. Nxd5 Be6 11. Be3 O-O 12. Be2 Bg5 13. Bb6 Qd7 14. O-O Rac8
15. Qd3 Bd8 16. Be3 Ne7 17. f4 exf4 18. Bxf4 Bxd5 19. exd5 Ng6 20. Qg3 Bh4 21.
Qd3 Bf6 22. Rab1 Be5 23. Bxe5 Nxe5 24. Qd4 Qa4 25. Ra1 b5 26. b3 Qb4 27. Qb6
Rb8 28. Qxa6 Qd2 29. Rae1 bxc4 30. Bxc4 Qd4+ 31. Kh1 Ng4 32. h3 Nf2+ 33. Kh2
Ne4 34. Rxe4 Qxe4 35. Qxd6 Rbe8 36. a4 f5 37. Qc7 Kh8 38. Rf4 Qe3 39. Rf3 Qd4
40. Rf4 Qd2 41. a5 Rf7 42. Qd6 Qxa5 43. Qc6 Qe1 44. Rf3 Qe5+ 45. Kh1 Rf6 46.
Qd7 Ra8 47. Bf1 g6 48. b4 Rd6 49. Re3 Rxd7 50. Rxe5 Ra1 51. Kg1 Rd1 52. Kf2
R7xd5 53. Rxd5 Rxd5 54. b5 Kg7 55. Ke3 Kf6 56. Bc4 Rd6 57. Be2 Ke5 58. Bf3 f4+
59. Ke2 Kd4 60. Bc6 g5 61. Kf3 Ke5 62. Be8 Rd3+ 63. Ke2 Rb3 64. Bc6 h5 65. Be8
g4 66. hxg4 hxg4 67. Bc6 Kd4 68. Bd7 Rb2+ 69. Kf1 Ke3 70. Kg1 g3 71. Bf5 Ra2
0-1